000 00235nam a22000977a 4500
008 160512b xxu||||| |||| 00| 0 eng d
041 _aeng
080 _a61
245 _aThe chemical biology of fishes :
_cR. Malcom Love;
942 _2udc
_cBK
999 _c2085
_d2085